LEADER 01204nam a22002653i 4500 001 991000260449707536 005 20020927122149.0 008 020927s1958 it |||||||||||||||||ita 035 $ab1198109x-39ule_inst 035 $aARCHE-007089$9ExL 040 $aDip.to Filologia Ling. e Lett.$bita$cA.t.i. Arché s.c.r.l. Pandora Sicilia s.r.l. 082 04$a012 100 1 $aFatini, Giuseppe$0179579 245 10$aBibliografia della critica ariostea, 1510-1956 /$cIstituto nazionale di studi sul Rinascimento 260 $aFirenze :$bF. Le Monnier,$c1958 300 $aXV, 722 p. ;$c29 cm 650 4$aAriosto, Ludovico$xBibliografia 907 $a.b1198109x$b23-02-15$c01-04-03 912 $a991000260449707536 945 $aLE008 Cr C IV 29$g1$i2008000200893$lle008$o-$pE0.00$q-$rl$s- $t0$u2$v1$w2$x0$y.i12262626$z01-04-03 945 $aLE008 Cr C IV 29/a$g2$i2008000200909$lle008$o-$pE0.00$q-$rl$s- $t0$u0$v0$w0$x0$y.i12262638$z01-04-03 945 $aLE008 Cr C IV 29/b$g3$i2008000127978$lle008$o-$pE0.00$q-$rl$s- $t0$u0$v0$w0$x0$y.i15658867$z23-02-15 996 $aBibliografia della critica ariostea, 1510-1956$9132321 997 $aUNISALENTO 998 $ale008$b01-04-03$cm$da $e-$fita$git $h0$i2 LEADER 02003nam 2200409 450 001 9910131567803321 005 20240207193855.0 010 $a1-55442-761-4 024 7 $a10.1522/cla.lan.dem 035 $a(CKB)3680000000168506 035 $a(NjHacI)993680000000168506 035 $a(EXLCZ)993680000000168506 100 $a20240207d2004 uy 0 101 0 $afre 135 $aur||||||||||| 181 $ctxt$2rdacontent 182 $cc$2rdamedia 183 $acr$2rdacarrier 200 13$aLe de?mante?lement des institutions interme?diaires de la re?gulation sociale $evers une nouvelle forme de domination /$fNicole Laurin-Frenette 210 1$a[Place of publication not identified] :$cJ.-M. Tremblay,$d2004. 215 $a1 online resource 225 1 $aClassiques des sciences sociales 330 $aCertaines e?poques, la no?tre comme celle dont Marx s'inspire, de?truisent les assises des institutions. Un nouveau mode de re?gulation s'est mis en place, au cours des vingt dernie?res anne?es. Il entrai?ne le de?mante?lement des institutions interme?diaires, celles qui organisent, au quotidien, les pratiques des sujets. Les individus sont livre?s a? l'influence de plus en plus directe des instances supralocales des re?seaux de contro?le e?conomique, politique, administratif, symbolique. Ils sont satellise?s, emporte?s dans l'orbite de pouvoirs universels. 410 0$aClassiques des sciences sociales. 517 $aLe démantèlement des institutions intermédiaires de la régulation sociale 606 $aAdministrative law 606 $aAdministrative law$xPhilosophy 615 0$aAdministrative law. 615 0$aAdministrative law$xPhilosophy. 676 $a342.06 700 $aLaurin-Frenette$b Nicole$0893963 801 0$bNjHacI 801 1$bNjHacl 906 $aBOOK 912 $a9910131567803321 996 $aLe de?mante?lement des institutions interme?diaires de la re?gulation sociale$93910216 997 $aUNINA